[Event "Stuttgart-chA int"]
[Site "Gerlingen"]
[Date "2011.06.02"]
[Round "1"]
[White "Kaplunov, Vadym"]
[Black "Vaysberg, Alexander"]
[Result "0-1"]
[WhiteElo "1961"]
[BlackElo "2203"]
[PlyCount "132"]
[EventDate "2011.06.02"]
[EventType "swiss"]
[EventRounds "7"]
[EventCountry "GER"]
[SourceTitle "EXT 2018"]
[Source "ChessBase"]
[SourceDate "2017.10.13"]
[SourceVersion "1"]
[SourceVersionDate "2017.10.13"]
[SourceQuality "1"]

1. d4 Nf6 2. Nf3 g6 3. c4 c5 4. d5 b5 5. cxb5 a6 6. b6 Bg7 7. Nc3 Qxb6 8. e4 d6 9. Be2 0-0 10. 0-0 Nbd7 11. h3 a5 12. Rb1 Ba6 13. Be3 Bxe2 14. Qxe2 Qa6 15. Qxa6 Rxa6 16. Rfe1 Rb8 17. Bd2 Ne8 18. b3 Nc7 19. Na4 Nb5 20. Rbc1 Ne5 21. Nxe5 Bxe5 22. f4 Bd4+ 23. Be3 Bxe3+ 24. Rxe3 Nc7 25. Nb2 Rb4 26. Nc4 a4 27. Rd1 axb3 28. axb3 Nb5 29. e5 Na3 30. exd6 exd6 31. Rc1 Kg7 32. Rf3 Nxc4 33. bxc4 Raa4 34. Rfc3 Kf6 35. Kf2 Ra2+ 36. R1c2 Ra1 37. Kf3 h5 38. Re2 Rf1+ 39. Rf2 Rxf2+ 40. Kxf2 Kf5 41. Kf3 h4 42. Ke3 Rb2 43. Kf3 Rd2 44. Re3 Rd4 45. g4+ hxg3 46. Kxg3 Rxc4 47. Re7 Rc3+ 48. Kg2 Kxf4 49. Rxf7+ Ke5 50. Rg7 Rc2+ 51. Kf3 Rh2 52. Kg3 Rh1 53. Kg2 Rd1 54. Rxg6 Rxd5 55. h4 Kf4 56. Kf2 c4 57. h5 c3 58. Rf6+ Kg5 59. Rg6+ Kxh5 60. Rg1 Rd2+ 61. Ke3 d5 62. Rc1 d4+ 63. Ke4 c2 64. Kf5 Kh4 65. Kf4 Kh3 66. Kf3 d3 0-1

[Event "Staufer op 23rd"]
[Site "Leinzell"]
[Date "2011.01.05"]
[Round "7"]
[White "Reschke, Stefan"]
[Black "Vaysberg, Alexander"]
[Result "1/2-1/2"]
[WhiteElo "2368"]
[BlackElo "2199"]
[PlyCount "87"]
[EventDate "2011.01.02"]
[EventType "swiss"]
[EventRounds "9"]
[EventCountry "GER"]
[SourceTitle "CBM 140 Extra"]
[Source "ChessBase"]
[SourceDate "2011.03.01"]
[SourceVersion "1"]
[SourceVersionDate "2011.03.01"]
[SourceQuality "1"]

1. Nf3 d5 2. g3 Nf6 3. Bg2 Bf5 4. c4 dxc4 5. Na3 Nbd7 6. Nxc4 c6 7. d3 e5 8. 0-0 Qc7 9. b3 Bg4 10. Nfxe5 Nxe5 11. Bf4 Bd6 12. Nxd6+ Qxd6 13. d4 Nfd7 14. f3 Be6 15. dxe5 Qc5+ 16. Kh1 h6 17. Qd6 Qb6 18. Qd2 Qc7 19. Qd6 Qb6 20. Bc1 0-0-0 21. Ba3 h5 22. Rfc1 h4 23. g4 h3 24. Bf1 Rh6 25. Bc5 Nxc5 26. Qxc5 Rd5 27. Qxb6 axb6 28. g5 Rh4 29. g6 fxg6 30. Kg1 Rxe5 31. Kf2 g5 32. Rc3 Rf5 33. Rd1 Kc7 34. Re3 Rf6 35. Re5 Rh5 36. Kg3 g6 37. Re3 b5 38. Rd2 Rh7 39. Rd1 Bf5 40. Re5 Re6 41. Rxe6 Bxe6 42. e3 Re7 43. Rd2 Rf7 44. Rf2 1/2-1/2

[Event "Stuttgart-chA int"]
[Site "Ditzingen"]
[Date "2010.05.15"]
[Round "6"]
[White "Braeuner, Uwe"]
[Black "Vaysberg, Alexander"]
[Result "1/2-1/2"]
[WhiteElo "2122"]
[BlackElo "2218"]
[PlyCount "130"]
[EventDate "2010.05.13"]
[EventType "swiss"]
[EventRounds "7"]
[EventCountry "GER"]
[SourceTitle "EXT 2018"]
[Source "ChessBase"]
[SourceDate "2017.10.13"]
[SourceVersion "1"]
[SourceVersionDate "2017.10.13"]
[SourceQuality "1"]

1. b3 e5 2. Bb2 d6 3. e3 Nf6 4. c4 Be7 5. Nc3 0-0 6. Nf3 c6 7. d4 e4 8. Nd2 d5 9. Be2 Re8 10. h3 Be6 11. Qc2 Nbd7 12. g4 Nf8 13. g5 N6d7 14. h4 f5 15. gxf6 Nxf6 16. Rg1 Rc8 17. 0-0-0 N8d7 18. Rg2 Qa5 19. Rdg1 Bf8 20. Kb1 Nb6 21. c5 Nbd7 22. a3 Qc7 23. f4 b6 24. b4 a5 25. Na4 axb4 26. axb4 bxc5 27. dxc5 Kh8 28. Bd4 Rb8 29. Nb6 Nxb6 30. cxb6 Rxb6 31. Bxb6 Qxb6 32. h5 Rb8 33. b5 h6 34. Qb2 Qxe3 35. Nb3 c5 36. f5 Bf7 37. Rg3 Qf4 38. Nxc5 Qxf5 39. Rf1 Qc8 40. Rxf6 Qxc5 41. Rxf7 d4 42. Rg6 d3 43. Rfxg7 Qc2+ 44. Qxc2 dxc2+ 45. Kxc2 Bxg7 46. Re6 Rc8+ 47. Kd2 Rd8+ 48. Ke3 Rd4 49. Re8+ Kh7 50. Bg4 Bf6 51. Bf5+ Kg7 52. Bxe4 Rd8 53. Re6 Kf7 54. Rc6 Bg5+ 55. Kf3 Ke7 56. b6 Rf8+ 57. Ke2 Kd7 58. b7 Bf4 59. Kd3 Re8 60. Rc8 Ke7 61. Bg6 Rd8+ 62. Kc4 Bb8 63. Kc5 Ba7+ 64. Kb5 Bb8 65. Be4 Rf8 1/2-1/2

[Event "Stuttgart-chA int"]
[Site "Ditzingen"]
[Date "2010.05.13"]
[Round "2"]
[White "Zimmermann, Ulrich"]
[Black "Vaysberg, Alexander"]
[Result "0-1"]
[WhiteElo "2022"]
[BlackElo "2218"]
[PlyCount "51"]
[EventDate "2010.05.13"]
[EventType "swiss"]
[EventRounds "7"]
[EventCountry "GER"]
[SourceTitle "EXT 2018"]
[Source "ChessBase"]
[SourceDate "2017.10.13"]
[SourceVersion "1"]
[SourceVersionDate "2017.10.13"]
[SourceQuality "1"]

1. d4 d5 2. c4 Nc6 3. Nf3 e5 4. cxd5 Qxd5 5. Nc3 Bb4 6. Bd2 Bxc3 7. Bxc3 e4 8. Ne5 e3 9. f3 Nge7 10. Qd3 Bf5 11. Qxe3 0-0-0 12. Rd1 Rhe8 13. Qf4 g5 14. Qxg5 Nxe5 15. e4 Bxe4 16. Qxe5 Bxf3 17. Qxd5 Nxd5+ 18. Kd2 Bxd1 19. Kxd1 c5 20. Bb5 Re6 21. Bd3 cxd4 22. Bd2 Ne3+ 23. Kc1 Rc6+ 24. Kb1 h5 25. g3 Rf6 26. Bb4 0-1

[Event "Staufer op 22nd"]
[Site "Schwaebisch Gmuend"]
[Date "2010.01.05"]
[Round "9"]
[White "Zuehlke, Burkhard"]
[Black "Vaysberg, Alexander"]
[Result "0-1"]
[WhiteElo "2087"]
[BlackElo "2208"]
[PlyCount "100"]
[EventDate "2010.01.02"]
[EventType "swiss"]
[EventRounds "9"]
[EventCountry "GER"]
[SourceTitle "CBM 134 Extra"]
[Source "ChessBase"]
[SourceDate "2010.03.03"]
[SourceVersion "1"]
[SourceVersionDate "2010.03.03"]
[SourceQuality "1"]

1. d4 Nf6 2. c4 c5 3. d5 b5 4. cxb5 a6 5. bxa6 g6 6. Nc3 Bg7 7. e4 d6 8. Nf3 0-0 9. Be2 Bxa6 10. 0-0 Qb6 11. Rb1 Nbd7 12. Bxa6 Rxa6 13. Bf4 Ng4 14. Qc2 Rb8 15. Nd2 Qa7 16. h3 Nge5 17. Be3 Nb6 18. b3 Ra3 19. f4 Nec4 20. Nxc4 Nxc4 21. Bc1 Bd4+ 22. Kh1 Ne3 23. Bxe3 Bxe3 24. Na4 Qa5 25. Qe2 Qd2 26. Qxd2 Bxd2 27. Rb2 Bxf4 28. Rxf4 Rxa4 29. Rbf2 Rd4 30. Kh2 f6 31. g4 g5 32. R4f3 Rxe4 33. Rd3 Kf7 34. a4 Reb4 35. Rff3 c4 36. bxc4 Rxa4 37. Rd4 Rb2+ 38. Kg3 Rc2 39. Rfd3 Raxc4 40. Rxc4 Rxc4 41. Kf3 Rc1 42. Kf2 Rh1 43. Ke2 Rh2+ 44. Kf1 Kg6 45. Kg1 Re2 46. Kf1 Re5 47. Kg2 h5 48. Kf2 h4 49. Kg2 Kf7 50. Kf3 Ke8 0-1